01151cam a22003734i 4500003000900000005001700009008004100026020001500067035002700082040003300109082001900142100003700161245003900198264005500237300003800292336002100330337002500351338002300376490004400399504004800443505016500491526001000656526001000666526001000676526001000686526000800696526000800704526000800712526000800720526000800728526000800736526000800744650002500752PE-LiUPU20250731173533.0150616s r 000 0 d a0801097193 a(Sirsi) i9780801097195 aPE-LiUPUbspacPE-LiUPUerda04a253.5bP672211 aWorthington, Everett L.,eautor.10aPsychoterapy and Religious Values. 1aGrand Rapids, Michigan :bBaker Book House,c1993. a291 páginas ;c23 centímetros atext2rdacontent aunmediated2rdamedia avolume2rdacarrier0 aPsychology and Christianity Series ;v7 aBibliografía al final de cada capáginas0 aDefinitions, the context of counseling begins.- During counseling and psychoterapy.- Use of and training in christian therapy techniques.- An eye to the future. aSEG42 aSEG41 aSEG40 aSEG39 aP94 aP87 aP86 aP85 aP77 aP76 aP3504aCONSEJERIA PASTORAL.